书目信息 |
| 题名: |
界面化学基础
|
|
| 作者: | 朱步瑶 , 赵振国 编著 | |
| 分册: | ||
| 出版信息: | 北京 化学工业出版社 1996.09 |
|
| 页数: | 379页 | |
| 开本: | 32开 | |
| 丛书名: | ||
| 单 册: | ||
| 中图分类: | ||
| 科图分类: | 0647.11 | |
| 主题词: | 物理化学 , 量子化学 | |
| 电子资源: | ||
| ISBN: | 7-5025-1749-9 | |
| 000 | 00662nam0 2200241 45 | |
| 001 | 0011211910 | |
| 005 | 20010604180201.7 | |
| 010 | @a7-5025-1749-9@d25.00元 | |
| 100 | @a20001121d1996 km y0chiy0120 ea | |
| 101 | 0 | @achi |
| 105 | @a z 000yy | |
| 200 | 1 | @a界面化学基础@AJie Mian Hua Xue Ji Chu@f朱步瑶,赵振国编著@FZhu Bu Yao,Zhao Zhen Guo Bian Zhu |
| 210 | @a北京@c化学工业出版社@d1996.09 | |
| 215 | @a379页@d32开 | |
| 606 | 0 | @a物理化学 |
| 606 | 0 | @a量子化学 |
| 690 | @v3 | |
| 690 | @aO647.11 | |
| 692 | @a0647.11 | |
| 701 | 0 | @a朱步瑶@4编著 |
| 701 | 0 | @a赵振国@4编著 |
| 801 | @aCN@bPftUser@c20001121 | |
| 905 | @b419596-598@dO647.11@eZH907@f3 | |
| 界面化学基础/朱步瑶,赵振国编著.-北京:化学工业出版社,1996.09 |
| 379页;32开 |
| ISBN 7-5025-1749-9:25.00元 |
| ● |
| 相关链接 |
|
|
|
正题名:界面化学基础
索取号:O647.11/ZH907
 
预约/预借
| 序号 | 登录号 | 条形码 | 馆藏地/架位号 | 状态 | 备注 |
| 1 | 419596 | 204195968 | 自科库401/401自科库 64排7列4层/ [索取号:O647.11/ZH907] | 在馆 | |
| 2 | 419597 | 204195977 | 自科库401/401自科库 64排7列4层/ [索取号:O647.11/ZH907] | 在馆 | |
| 3 | 419598 | 204195986 | 自科库401/401自科库 64排7列4层/ [索取号:O647.11/ZH907] | 在馆 |